| 000 | 00901nam a2200193Ia 4500 | ||
|---|---|---|---|
| 003 | GCL | ||
| 005 | 20240530103735.0 | ||
| 008 | 140319s1992 ua 000 0 ara d | ||
| 040 |
_aGCL / _cGCL |
||
| 082 | 0 | 4 |
_a657.833 _bأ ن |
| 100 | 0 | _aالسيد عبدالمقصود دبيان | |
| 245 | 1 | 2 |
_aالنظام المحاسبى فى المنشأت المالية : _bتحليل النظم المحاسبية الالية : محاسبة البنوك التجارية : محاسبة شركات التامين / _cالسيد عبدالمقصود دبيان، احمد بسيونى شحاتة |
| 260 |
_aالاسكندرية : _bمؤسسة شباب الجامعة ، _c1992 |
||
| 300 |
_a497 ص. ؛ _c24 سم. |
||
| 650 | 0 | 7 |
_2qrmak _aالمحاسبة |
| 650 | 0 | 7 |
_2qrmak _aالمنشات المالية _xمحاسبة |
| 700 | 0 |
_aاحمد بسيونى شحاتة _eمؤلف مشارك |
|
| 942 |
_2ddc _cBK |
||
| 999 |
_c42097 _d42097 |
||